[Event "Tilburg Fontys"]
[Site "Tilburg"]
[Date "1996.10.21"]
[Round "9"]
[White "Van Wely, Loek"]
[Black "Gelfand, Boris"]
[Result "1/2-1/2"]
[WhiteElo "2605"]
[BlackElo "2665"]
[Annotator "Gelfand,B"]
[PlyCount "62"]
[EventDate "1996.10.11"]
[EventType "tourn"]
[EventRounds "11"]
[EventCountry "NED"]
[EventCategory "16"]
[SourceTitle "CBM 056"]
[Source "ChessBase"]
[SourceDate "1997.02.01"]
[SourceVersion "1"]
[SourceVersionDate "1997.02.01"]
[SourceQuality "1"]

1. d4 {Lutz Huzman} d5 2. c4 c6 3. Nc3 Nf6 4. Nf3 e6 5. Bg5 h6 6. Bxf6 Qxf6 7.
e3 Nd7 8. a3 g6 9. b4 (9. cxd5 {Lutz} exd5 (9... cxd5 $6 10. Bd3 Bg7 11. O-O
O-O 12. e4 $5 (12. Qb3)) 10. b4 Bd6 $5 {Lutz: Nun kann Schwarz den Läufer auch
hierhin entwickeln, was Weiß durch 9.b4 zu umgehen gedachte.} 11. Bd3 Qe7 12.
O-O Nf6 13. b5 c5 $1 14. dxc5 Bxc5 15. Qb3 Be6 16. Nd4 O-O 17. Nxe6 Qxe6 $11 {
1/2-1/2 Van Wely,L-Gurevich,M/BL2-W 1996 (70)}) (9. e4 {Lutz ist der kritische
Zug.}) 9... Bg7 10. cxd5 cxd5 $5 $146 {Lutz: Da Weiß sich schon mit b2-b4 auf
der c-Line geschwächt hat, ist dieser Zug gut möglich.} (10... exd5 {Lutz: ist
auch spielbar. Ich glaube nicht an weiße Ideen mit frühem c4xd5.} 11. Bd3 O-O
12. O-O Nb6 13. Qb3 Qd6 14. Rfc1 Be6 15. Nd2 $11 {1-0 Piket,J-Dreev,A/Wijk
1996 (40)}) 11. Bd3 O-O 12. O-O Qe7 13. Qb3 (13. Na4 $5 {van Wely} Nb6 14. Nc5
Rb8 15. a4 Bd7 16. Ne5 Be8) 13... Nb6 14. a4 Bd7 15. Nd2 $6 (15. e4 $5 dxe4 (
15... Bc6 16. e5) 16. Bxe4 Bc6 17. Bxc6 bxc6 $132) 15... Nc8 16. Rfc1 Nd6 17.
b5 Rfc8 18. a5 Qd8 $10 {Black had achieved everything he hoped.My only problem
was, that I was not sure, if I have to play for advantage already or not.} 19.
Qb2 e5 $5 (19... Bf8 $5 20. b6 $140 Rc6) 20. Nb3 (20. Nxd5 Rxc1+ 21. Rxc1 exd4
$17) 20... exd4 $6 (20... Nc4 21. Qe2 e4 22. Bxc4 Rxc4 23. Nxd5 (23. Nd2 Rb4)
23... Bxb5 24. Rxc4 Qxd5 25. Rac1 Bf8) (20... Bf5 $1 {This was the right
solution, as shown by my second A.Huzman.} 21. Qe2 exd4 22. Nxd4 Bxd4 23. exd4
Qg5 24. Rc2 Bxd3 25. Qxd3 Rc4 $17) 21. Nxd4 (21. exd4 Bf5) 21... Nc4 22. Bxc4
dxc4 (22... Rxc4 23. Nxd5 Rxc1+ 24. Qxc1 Bxb5 (24... Bxd4 25. exd4 Bxb5 26. Qc5
$14) 25. Qc5 Ba6 $132 {with idea Bf8}) 23. Qe2 $6 (23. a6 Rab8 $1) (23. Rd1 $5
Qe7 24. a6 Rab8 $13) 23... a6 $1 {A very important move.Black are getting c6
square was their Bishop} 24. b6 (24. Nd5 Bg4 $17) (24. Na4 Qxa5 (24... axb5 25.
Nb6 Rxa5 26. Nxc8 Rxa1 27. Rxa1 Qxc8 $15)) 24... Bc6 25. Rd1 Qe7 (25... Qg5 $5
26. Nxc6 (26. f3 Re8 27. e4 Qc5 28. Qf2 Rad8 $140 29. Nxc6 Qxc6 30. Rxd8 Rxd8
31. Nd5 Bxa1 32. Ne7+ Kf8 33. Nxc6 Rd1+ 34. Qf1 Rxf1+ 35. Kxf1 bxc6 36. f4 Bd4
$19) 26... Rxc6 27. Rd5 Bxc3 $5 (27... Qe7) 28. Rxg5 Bxa1 29. Rd5 Bf6 $44 30.
Rd7 $140 c3 31. Qc2 Rd8) 26. Qd2 (26. Qc2 Qc5 $15) 26... Be4 {I decided to
force matters,but it leads only to a draw.I should try toimprove position
slowly instead.} (26... Qc5 27. f3 Re8 $5 28. Nce2 h5 $15) (26... Qg5 27. f3 (
27. f4 Qc5) (27. Nxc6 Rxc6 $15) 27... Rd8 $15) 27. Rac1 Rc5 (27... Bd3 28. Nd5
Qc5 29. Nf4 Be4 30. f3 c3 31. Qa2 Bc6 32. Nxg6) 28. Na4 Bxd4 (28... Rg5 29. f3
Bd3 (29... Bxd4 30. fxe4 Bf6 31. Rxc4 Qe6 32. Rc7 {with idea Nc5}) 30. Nb2 Re8
31. Nxc4 $1 (31. Nxd3 cxd3 32. Qxd3 Rxa5 (32... Qxe3+ 33. Qxe3 Rxe3 34. Rc8+
Kh7 35. Rc7 Rd5 $140 (35... Bxd4 36. Rxd4 Re2 37. Rg4 Rxg4 38. fxg4 Kg7 39.
Rxb7 Ra2 $10) 36. Rxf7 Kg8 37. Rxg7+ Kxg7 38. Ne6+ $16) 33. Rc7 Qxe3+ (33...
Qg5 34. Nc2) 34. Qxe3 Rxe3 35. Rxb7 Rd5 $19) 31... Bxc4 32. Rxc4 Qxe3+ 33. Qxe3
Rxe3 34. Rc8+ $10) 29. exd4 Rg5 30. g3 Bf3 (30... Qd7 {Lutz} 31. Nc5 Rxc5 32.
dxc5 Qh3 33. f3) 31. Re1 Qd7 {I offered a draw here.It was a bit premature,as
White has to make few "only" moves to hold} (31... Qd7 32. Re3 (32. Qe3 Bc6 33.
Nc3 (33. Nc5 {Lutz} Qh3 34. f3 {/\ Ne4} Rxg3+ $2 35. hxg3 Qxg3+ 36. Kf1 Bxf3
37. Qg1) 33... Rxa5) (32. Qf4 Rf5 33. Nc5 Rxf4 34. Nxd7 Rxd4 $17) 32... Bc6 33.
Nc3 Rxa5 (33... Rd8 34. Ne4 $10 (34. d5 Bxd5 35. f4 (35. Rd1 Bc6) 35... Rf5 36.
g4 Rxf4 37. Nxd5 Rxg4+ 38. Kf2 Qxd5 39. Re8+ Kh7 40. Rxd8 Rg2+ $19) (34. Rd1
Rxa5 35. d5 Bxd5 36. Re5 Bf3 37. Qxd7 Rxd7 38. Re8+ Kg7 39. Rxd7 Ra1+ 40. Nd1
Bc6 $19)) 34. d5 (34. Ne4 Rf5 (34... Qf5 35. d5 Rxd5 36. Qb2 (36. Qc3 Rd3 37.
Nf6+ Kh8 38. Rxd3 Qxd3 $19) 36... Re5 (36... Rd3 37. Nf6+ Kh8 38. Rxd3 Qxd3 $17
(38... cxd3 39. Rxc6))) 35. Rxc4 a5) 34... Rd8 $5 (34... Bxd5 35. Ne4) (34...
Rxd5 35. Nxd5 Qxd5 36. Qxd5 Bxd5 37. Re5 Be6 38. Rc5 $10) 35. Re4 $1 (35. Ne4
Rxd5 36. Nf6+ Kg7 37. Nxd5 (37. Qc3 Rd1+ 38. Re1 Rxe1+ 39. Rxe1 Qd4) 37... Qxd5
38. Qxd5 Rxd5 $17) (35. Rd1 Bxd5) 35... Rxd5 36. Nxd5 Qxd5 37. Qxd5 Rxd5 38.
Rexc4 Rb5 39. Rxc6 bxc6 40. Rxc6 $10) (31... Qd6 $5 {Lutz}) 1/2-1/2

[Event "Platonov Memorial"]
[Site "Kiev"]
[Date "1995.??.??"]
[Round "7"]
[White "Mikhalevski, Victor"]
[Black "Savchenko, Stanislav"]
[Result "0-1"]
[WhiteElo "2495"]
[BlackElo "2590"]
[Annotator "Giese"]
[PlyCount "76"]
[EventDate "1995.??.??"]
[EventType "tourn"]
[EventRounds "13"]
[EventCountry "UKR"]
[EventCategory "10"]
[SourceTitle "CBM 051"]
[Source "ChessBase"]
[SourceDate "1996.04.01"]
[SourceVersion "1"]
[SourceVersionDate "1996.04.01"]
[SourceQuality "1"]

1. d4 d5 2. c4 c6 3. Nf3 Nf6 4. Nc3 e6 5. Bg5 h6 6. Bxf6 Qxf6 7. e3 Nd7 8. Bd3
dxc4 9. Bxc4 g6 10. O-O Bg7 11. Rc1 Qe7 12. e4 O-O 13. Qe2 b6 14. Rfe1 Bb7 15.
Ba6 Bxa6 16. Qxa6 c5 17. Qa3 g5 18. d5 Ne5 19. Nxe5 Bxe5 20. Nd1 exd5 21. exd5
Bxh2+ {[%csl Re1]} 22. Kf1 (22. Kxh2 Qxe1 $19) 22... Qd7 $17 23. Qd3 Rfe8 24.
Rxe8+ Rxe8 25. Rc2 Be5 26. Re2 Bd4 27. Rxe8+ Qxe8 28. b3 Qe5 29. Ne3 Bxe3 30.
fxe3 Qd6 31. a4 Kf8 32. Qe4 Qf6+ 33. Ke2 h5 34. Kd3 h4 35. Kc4 Qf1+ 36. Kc3
Qc1+ 37. Qc2 Qxc2+ 38. Kxc2 g4 0-1

[Event "Groningen op"]
[Site "Groningen"]
[Date "1993.??.??"]
[Round "11"]
[White "Savchenko, Stanislav"]
[Black "Magerramov, Elmar S"]
[Result "1/2-1/2"]
[WhiteElo "2530"]
[BlackElo "2545"]
[Annotator "Glatman,V"]
[PlyCount "104"]
[EventDate "1993.12.??"]
[EventType "swiss"]
[EventRounds "11"]
[EventCountry "NED"]
[SourceTitle "CBM 039"]
[Source "ChessBase"]
[SourceDate "1994.04.01"]
[SourceVersion "1"]
[SourceVersionDate "1994.04.01"]
[SourceQuality "1"]

1. d4 d5 2. c4 c6 3. Nc3 Nf6 4. Nf3 e6 5. Bg5 h6 6. Bxf6 Qxf6 7. e3 Nd7 8. Bd3
dxc4 9. Bxc4 g6 10. O-O (10. e4 Bg7 (10... e5 $5 {Dautov/}) 11. e5 Qe7 12. O-O
O-O 13. Re1 b5 $1 14. Bb3 Bb7 15. Rc1 Rad8 16. Qe2 c5 $1 $10 {Dautov,
R-Muhametov,E/Krumbach/1991/0,5 (33) Inf 53/412/}) 10... Bg7 11. Rc1 $5 $146 (
11. Qc2 O-O 12. Bb3 Qe7 13. Rad1 b6 14. e4 Bb7 15. Rfe1 Rfd8 16. e5 Nf8 17. Qe2
{Chernin,A-Kuczynski,R/Debrecen/1992/0,5 (62) Inf 56/469/} Rd7 $5 18. Ne4 c5
19. dxc5 bxc5 $13) 11... Qe7 12. Qc2 O-O 13. Rfd1 b6 14. e4 Bb7 15. Qe2 $6 (15.
e5 $5) 15... b5 (15... c5 16. d5 exd5 17. Bxd5 (17. Nxd5 $5) 17... Bxd5 (17...
Ne5 $5) 18. Nxd5 Qd8 $14) (15... Rfd8 16. Ba6 $14) 16. Bb3 a6 17. e5 $5 (17. a4
b4 18. Na2 c5) 17... c5 18. d5 c4 19. Bc2 (19. d6 Qd8 20. Bc2 Bxf3 21. Qxf3
Nxe5) 19... exd5 20. Nxd5 Bxd5 21. Rxd5 Rfe8 22. Re1 Rad8 23. e6 $5 (23. h4
Nxe5 $1 24. Rxe5 (24. Rxd8 Qxd8) 24... Bxe5 25. Nxe5 (25. Qxe5 Qxe5 26. Rxe5
Rxe5 27. Nxe5 Rd2 $19) 25... Qxh4 $17) 23... fxe6 (23... Qxe6 $4 24. Qd1 $18)
24. Rdd1 Nf8 25. b3 $1 c3 (25... cxb3 26. Bxb3 $36) 26. h4 Qc5 (26... Rxd1 27.
Rxd1 Rd8 $15) 27. Qe4 a5 28. a4 bxa4 (28... b4 $5) 29. Qxa4 (29. bxa4 Rb8 $15)
29... Bf6 (29... Qb4 30. Qc6 Rc8 31. Qa6) 30. Qe4 (30. Ra1 $2 Rd2 $1 31. Nxd2
cxd2 32. Qxe8 Bxa1 33. Rxa1 Qxc2 $19) 30... Rb8 31. Qf4 Kg7 32. Re4 Rb4 33.
Rde1 Reb8 34. g4 $1 g5 35. hxg5 hxg5 36. Qh2 Rxe4 37. Rxe4 Rb4 38. Rxb4 Qxb4 (
38... axb4 39. Qb8 $13) 39. Qc7+ (39. Qg3 Qf4 $17) 39... Kg8 40. Ne5 $1 $10
Bxe5 41. Qxe5 Qxg4+ 42. Kf1 Qh3+ (42... Qb4 43. Qxg5+ Kf7 44. Qd8 $44) 43. Ke2
g4 44. Qxa5 Qf3+ 45. Ke1 Kf7 (45... g3 $2 46. Qg5+ $16) 46. Qc7+ Ke8 47. Qc8+
Ke7 48. Qc5+ Kd8 49. Qb6+ Ke8 50. Qb8+ Ke7 51. Qb4+ Kf7 52. Qc5 Qh1+ (52...
Qh1+ 53. Ke2 Qf3+ $10) 1/2-1/2

[Event "EU-ch 2nd"]
[Site "Ohrid"]
[Date "2001.06.01"]
[Round "1"]
[White "Golod, Vitali"]
[Black "Ekstroem, Roland"]
[Result "1/2-1/2"]
[WhiteElo "2593"]
[BlackElo "2492"]
[Annotator "Golod,V"]
[PlyCount "66"]
[EventDate "2001.06.01"]
[EventType "swiss"]
[EventRounds "13"]
[EventCountry "YUG"]
[SourceTitle "CBM 084"]
[Source "ChessBase"]
[SourceDate "2001.09.13"]
[SourceVersion "1"]
[SourceVersionDate "2001.09.13"]
[SourceQuality "1"]

1. d4 Nf6 2. c4 e6 3. Nf3 d5 4. Nc3 dxc4 5. Qa4+ c6 $5 ({Is a possibly
continuation of the play:} 5... Nbd7 {See comments to Ljubojevic,L-Van Wely,L/
Monaco,2000/CBM 75(1/2-1/2)(Huzman,A)(43)}) 6. Qxc4 b5 7. Qd3 {[%mdl 4] Here
queen stands better than on "b3". For example it is possible to bring the
following game:} (7. Qb3 Nbd7 8. g3 a6 9. Bg2 Bb7 10. O-O c5 11. dxc5 Bxc5 12.
Bf4 O-O $11 {Kempinski,R-Rogozenko,D/Hamburg,1999(0-1)(48)}) 7... Bb7 ({
In my opinion, a little bit better:} 7... Nbd7 $5 8. e4 b4 9. Na4 Qa5 $5 (9...
Bb7 $143 10. e5 Nd5 11. Bd2 Qa5 12. b3 c5 13. dxc5 Bxc5 14. Qb5 Qxb5 15. Bxb5
Be7 16. Rc1 Kd8 $14 {Tregubov,P-Horvath,J/Deizisau,2001(1/2-1/2)(34)}) 10. b3
$140 c5 11. e5 (11. Bg5 $143 {See commemts to Kortschnoj,V-Ivanchuk,V/Lvov,
2000/CBM 77(0-1) (Ivanchuk,V) (20)}) 11... Nd5 12. Bd2 Be7 13. Rc1 cxd4 14.
Qxd4 O-O 15. Bd3 Ba6 16. O-O Bxd3 17. Qxd3 N7b6 18. Nd4 Nxa4 19. Nc6 Nb2 20.
Qxd5 exd5 21. Nxa5 Nd3 22. Rc7 Bd8 23. Rd7 Bxa5 24. Rxd5 Nxf2 25. Rxa5 Nd3 {
+/=/= Tregubov,P-Hauchard,A/Montpellier,2001/(1/2-1/2)(53)}) 8. e4 $5 ({
Repeatedly was checked in the previous games:} 8. Bg5) (8. g3) ({and} 8. a3 $6
a6 9. e3 c5 10. dxc5 Bxc5 11. Qxd8+ Kxd8 {Kramnik,V:"Black equalized and stays
a little bit better". You can see comments to game:Karpov,A-Kasparov,G/Las
Palmas,1996/CBM 57(1/2-1/2)(Kramnik,V)(45)}) 8... b4 ({Weakly:} 8... Nbd7 {
in view of:} 9. e5 Nd5 $140 10. Nxd5 exd5 $8 $14 {[%csl Rb5,Yc6][%cal Yc6b5]})
({Dubious:} 8... a6 9. Bd2 $6 (9. Bg5 $5 $14) 9... c5 10. dxc5 Qxd3 11. Bxd3
Bxc5 12. e5 Nd5 13. Ne4 Nd7 $11 {Maric,A-Shumiakina,T/Herceg Novi, 2001(0-1)
(37)}) 9. Na4 Qa5 $6 $146 {From my point of view this novelty brings one
difficulties for black.} ({It is necessary:} 9... Nbd7 $5 10. e5 (10. Be2 $143
Qa5 11. b3 c5 12. e5 Ne4 (12... Nd5 $5 13. O-O cxd4 14. Qxd4 Be7 $11 {Horvath,
J-Sveshnikov,E/Sochi,1985 (1/2-1/2)(39)}) 13. Be3 Rd8 14. Qb5 Qxb5 15. Bxb5
cxd4 16. Bxd4 a6 17. Bxd7+ Rxd7 18. Rc1 $11 {Nikolic,P-Ivanchuk,V/Monte Carlo,
1999(1-0)(23)}) (10. Be3 $143 Qa5 11. b3 Be7 12. Rc1 O-O 13. Be2 Rfd8 14. e5
Nd5 15. O-O c5 $132 {Romanishin,O-Sveshnikov,E/Sochi,1983 (0-1)(28)}) (10. Bg5
$143 {See comments to Karpov,A-Gelfand,B/Linares,1993/Inf 57/148 (1-0) (Karpov,
An)(45)}) 10... Nd5 11. Bd2 (11. Bg5 $6 Qa5 12. b3 N7b6 13. Nxb6 Nxb6 14. Be2
h6 15. Bd2 Qd5 16. O-O a5 $11 {Tisdall,J-Schandorff,L/Torshavn,1997(1/2-1/2)
(20)}) 11... Qa5 $6 (11... N5b6 $5 {Lutz,C}) (11... a5 $5 {Lutz,C}) 12. b3 {
+/=/= Tregubov,P-Yagupov,I/Ubeda,2000/CBM 75 (Lutz,C)(1-0)(40)}) (9... Ba6 $6
10. Qc2 Bxf1 11. Rxf1 (11. Kxf1 $5 $14) 11... Be7 12. Bg5 O-O 13. O-O-O Nbd7
14. Kb1 $14 {Kortschnoj,V-Sandipan,C/Calcutta,2000 (1/2-1/2)(41)}) 10. b3 $140
Ba6 11. Qc2 Bxf1 12. Kxf1 $5 {My idea is: g3 and Kg2.} ({It deserves attention
is:} 12. Rxf1 {/\Bg5 and 0-0-0.}) 12... Qb5+ $1 {The important intermediate
move. It is necessary to improve an position the queen.} 13. Kg1 Be7 14. g3 $5
{[%cal Gg1g2]} ({Is not necessary to hasten with:} 14. e5 Nd5 15. Bg5 Bf8 $5
$13) 14... Nbd7 15. Bg5 $1 {Now I always am ready to exchange my bishop.} (15.
Kg2 $143 c5 $1 16. dxc5 (16. d5 exd5 17. exd5 Nxd5 {and it is not clear that
white have behind pawn.} (17... O-O $6 {[%csl Rd5]} 18. Rd1 $13)) 16... Nxc5
$11) 15... O-O ({Now does not give due effect:} 15... c5 {in view of:} 16. e5 (
16. Rc1 $2 cxd4 $140 17. e5 Qd5 $1 {[%csl Rf3]} (17... Nxe5 $4 18. Nxe5 Qxe5
$140 19. Qc6+ {[%csl Ra8,Re8]}) (17... Nd5 $4 18. Qc8+ Rxc8 19. Rxc8+ Bd8 20.
Rxd8#) 18. exf6 gxf6 $17 {[%csl Rf3,Rg5]}) 16... Nd5 17. Bxe7 Nxe7 18. Nxc5 Rc8
19. Rc1 Nf5 20. Qe4 $14) 16. Rc1 {[%csl Rc6]} Rfc8 (16... Rac8 $5) 17. Kg2 $14
h6 ({Again dubious:} 17... c5 $6 {because of:} 18. e5 Nd5 19. Bxe7 Nxe7 20.
Nxc5) 18. Bxf6 Bxf6 19. Qc4 $1 {Not supposing progress "c6-c5".} Qb7 (19...
Qxc4 $2 20. Rxc4 $140 Nb6 (20... Be7 21. Rhc1 $16 {[%csl Rc6]}) 21. Rxb4 Rcb8 (
21... Be7 $2 22. Rxb6 $1 axb6 23. Nxb6 $18) 22. Ne5 Be7 23. Nxb6 axb6 24. Rc4
$16) 20. Rhd1 ({Much worse is:} 20. Rc2 {because of:} Be7 {[%cal Gd7b6]}) 20...
Be7 $140 21. Ne5 $1 {[%csl Rc6][%mdl 32] The correct positional decision.
After exchange of the knights it will be easier to reach up to weakness of
black.} Nxe5 22. dxe5 c5 23. Rd3 {/\Rad1<->d} Rd8 24. Rcd1 Rxd3 25. Rxd3 g5 $5
{[%csl Re5] Ronald Ekstroem tries to escape from an positional clip.} 26. Nb2 {
/\Rd1,Qc2,Nc4} Qc7 27. f4 Rd8 28. Rxd8+ Qxd8 29. Qd3 Qa5 30. Qb1 Qd8 31. Qd3
Qa5 32. Na4 Qc7 $6 (32... c4 $1 33. Qxc4 Qd8 {[%csl Rd2]} 34. Qe2 Qd4 $14) 33.
Nb2 $4 {I completely have overlooked,that by the following move black repeat a
position in third times.} (33. Kf3 $5 {[%csl Ra2][%cal Gf3e2,Ge2d1,Gd1c2,Gc2b1,
Yb1a2] and then Nb2-c4 +/=/+/-}) 33... Qa5 1/2-1/2

[Event "World-ch Tournament"]
[Site "Mexico City"]
[Date "2007.09.28"]
[Round "13"]
[White "Grischuk, Alexander"]
[Black "Anand, Viswanathan"]
[Result "1/2-1/2"]
[WhiteElo "2726"]
[BlackElo "2792"]
[Annotator "Grivas,E"]
[PlyCount "146"]
[EventDate "2007.09.13"]
[EventType "tourn"]
[EventRounds "14"]
[EventCountry "MEX"]
[EventCategory "21"]
[SourceTitle "CBM 120"]
[Source "ChessBase"]
[SourceDate "2007.10.02"]
[SourceVersion "1"]
[SourceVersionDate "2007.10.02"]
[SourceQuality "1"]

{The analysis of this game was done while it was in progress and in
time-pressure, so the reader might forgive me for any potentional mistake.} 1.
d4 d5 2. c4 c6 3. Nf3 Nf6 4. Nc3 e6 5. Bg5 h6 6. Bh4 dxc4 7. e4 g5 8. Bg3 b5 9.
Be2 Bb7 10. h4 ({This early pawn sacrifice variation seemed to be in fashion
in the latest Wch. Earlier} 10. O-O {was on the choice:} Nbd7 11. Ne5 h5 12.
Nxd7 Qxd7 13. Qc1 Rg8 14. Rd1 Bb4 15. Qe3 Qe7 16. h3 h4 17. Bh2 Bxc3 18. bxc3
g4 19. Kh1 c5 20. hxg4 cxd4 21. Rxd4 e5 22. Rdd1 Nxg4 23. Bxg4 Rxg4 24. f3 Rg6
25. a4 a5 26. axb5 a4 27. Qe2 Qc5 28. Rab1 Rd6 29. Rxd6 Qxd6 30. Qxc4 a3 31.
Ra1 h3 32. Qe2 hxg2+ 33. Qxg2 O-O-O 34. Qa2 f5 35. Qxa3 fxe4 36. Qxd6 Rxd6 37.
fxe4 Bxe4+ 38. Kg1 Bd3 39. Bxe5 Rg6+ 40. Kf2 Bxb5 {1/2-1/2 Kramnik,V-Gelfand,B/
Mexico City 2007.}) 10... g4 11. Ne5 Rg8 $5 ({A not very often met move.
Usually Black opts for} 11... h5 {and the latest example is} 12. O-O Nbd7 13.
Qc2 Nxe5 14. Bxe5 Bg7 15. Bg3 Qxd4 16. Rfd1 Qc5 17. Bd6 Qb6 18. a4 a6 19. e5
Nd7 20. a5 Qa7 21. Ne4 c5 22. Ng5 Nxe5 23. Bxe5 Bxe5 24. Bxc4 bxc4 25. Qa4+ Kf8
26. Rd7 Bd5 27. Rd1 Bd4 28. Rxa7 Rxa7 29. b3 Kg7 30. bxc4 Ba8 31. Qc2 g3 32.
Rxd4 cxd4 33. Qe2 gxf2+ 34. Qxf2 Rd8 35. Qg3 Kf8 36. Qe5 Ke8 37. Nxe6 fxe6 38.
Qh8+ Ke7 39. Qg7+ Ke8 40. Qh8+ Ke7 41. Qg7+ {1/2-1/2 Grischuk,A-Svidler,P/
Mexico City 2007.}) 12. Nxg4 Nxg4 ({The alternative is} 12... Nbd7 13. Nxf6+
Nxf6 14. e5 Nd5 15. O-O Nxc3 16. bxc3 Be7 17. a4 Bxh4 18. axb5 Bxg3 19. fxg3
cxb5 20. Bh5 Qd5 21. Rf3 $13 {Grigoryan,A-Hrabusa,M/Sibenik 2007.}) 13. Bxg4 b4
({Also playable is} 13... Nd7 14. O-O Nf6 15. Be2 Qb6 16. a4 Bb4 17. Be5 Nd7
18. Bf4 Rd8 19. Be3 c5 $13 {Khalifman,A-Acs,P/Hoogeveen 2002.}) 14. Na4 c5 15.
d5 ({The main move 'must' be considered to be the 'obvious'} 15. Nxc5 {. A
likely continuation can be} Bxc5 16. dxc5 Qxd1+ 17. Bxd1 Bxe4 18. Ba4+ (18. O-O
Nc6 19. Be2 (19. Rc1 Bd5 20. Ba4 O-O-O $13 21. Bxc6 $2 Bxc6 22. Rxc4 Rd2 23.
Rb1 f5 $17 {Rogozenko,D-Spiess,G/Dresden 2007}) 19... Bd5 20. Rfc1 Na5 $13 {
Van Wely,L-Vallejo Pons,F/Khanty Mansyisk 2005}) 18... Bc6 19. Bxc6+ Nxc6 20.
O-O-O Rd8 21. Rxd8+ Kxd8 22. Rd1+ Kc8 23. Rd6 Ne7 $13 {Maki Uuro,M-Koskinen,H/
Finland 2005. But it seems that Grischuk had done his homework too!}) 15...
exd5 ({Black could easily go astray with} 15... Nd7 $2 16. Bxe6 $1 fxe6 $6 17.
Qh5+ Ke7 18. d6+ Kf6 19. Nxc5 Rxg3 (19... Nxc5 20. Be5#) (19... Rg6 20. Nxe6 $1
Kxe6 21. Qf5#) 20. fxg3 {1-0 Schenk,A-Stephan,J/France 2003. Black had no
answer to} (20. fxg3 {:} Nxc5 21. O-O+ Kg7 22. Rf7+ Kh8 23. Qg6 Bxe4 24. Rh7# {
. Actually, the text-move is a 'logical' novelty.})) 16. exd5 (16. O-O $2 dxe4
17. Qe2 Qd3 $1 {.}) 16... Qxd5 17. Qxd5 Bxd5 18. O-O-O Rxg4 ({C.Lutz proposed 
(back in 2003)} 18... Bxg2 19. Rhe1+ Be7 20. Bd6 (20. Bxb8 Rxb8 21. Rd7 Rxg4
22. Rexe7+ Kf8 23. Rxf7+ Kg8 $13) (20. f3 Kf8 21. Rg1 f5 $13) 20... Nc6 21.
Bxe7 (21. f3 Kf8) 21... Nxe7 22. Rd7 Rxg4 23. Rexe7+ Kf8 24. Rxf7+ Kg8 25. Nxc5
Bc6 $13 {. Anand's move looks rather OK also.}) 19. Rxd5 Nd7 20. Re1+ Kd8 21.
Red1 (21. Nxc5 Bxc5 22. Red1 Rc8 23. Rxd7+ Ke8 24. Rb7 Re4 $1 {is fine for
Black.}) 21... Rd4 22. R1xd4 cxd4 23. Rxd4 Rc8 24. Bd6 $1 {A good exchange,
making Black's queenside pawns more vulnerable.} Ke8 $2 ({Black should have
opted for} 24... Be7 25. Kc2 Rc6 26. Bxe7+ Kxe7 27. b3 cxb3+ 28. Kxb3 Rg6 29.
g3 Rf6 30. f4 a5 $11 {. Obviously the 'natural'}) (24... Bxd6 $6 25. Rxd6 f6
26. Ra6 Rc7 27. a3 $14 {would be nice for White.}) 25. Re4+ $1 Kd8 26. Bxf8 {
Of course White is not obliged to go for the repetition draw.} Nxf8 27. a3 $1
bxa3 ({Forced:} 27... a5 28. axb4 axb4 29. Nb6 Rc6 30. Nxc4 $16) (27... f5 28.
Rd4+ Ke7 29. axb4 Ne6 30. Rd5 $16 {.}) 28. bxa3 {White has got the advantage,
mainly because of Black's bad pawn-structure.} Rc6 $1 ({Black's rightly
activates his rook in order to attack the enemy pawns.} 28... f5 29. Re5 Ng6
30. Rxf5 Nxh4 31. Rf8+ Kd7 32. Rxc8 Kxc8 33. g3 Nf3 34. Kc2 $16 {is not a
solution to his problems.}) 29. Nb2 Rf6 30. Re2 $2 ({A poor move. The natural} 
30. f3 c3 31. Nc4 {with advantage to White, was strong and 'easy' to play. it
must be noted that White faces the notorious time-trouble and naturally he
feels uncertain about such 'early' pawn advances.}) 30... c3 $1 31. Nd1 (31.
Nc4 Ne6 (31... Rf4 $2 32. Ne5 f6 33. Nf7+ Kd7 34. Nxh6 (34. g3 Ra4 35. Ra2 h5
$13) 34... Rxh4 35. Ng8 $16) 32. g3 h5 $11 {.}) 31... Ra6 32. Ra2 Ng6 33. g3
Rc6 34. Kc2 Ne7 {It seems that Black has worked his way out, but White can
still win a pawn with a neat combination.} 35. Nxc3 $1 Nd5 36. Kd3 Rxc3+ $1 {
Opting for a rook ending, where Black's active rook will compensate for his
lost pawn.} (36... Nxc3 $2 37. Rc2 $16 {.}) 37. Kd4 a5 $1 {Securing an
important outpost on the b3-square.} 38. Kxd5 a4 39. Kd4 Rb3 40. Kc4 Kc8 41.
Rc2 Kd7 (41... Rxa3 $4 42. Kb4+ {.}) 42. Rc3 Rb2 43. Rf3 Ke6 {Black's activity
is obvious. There is not much that White can do, except torture Black for a
long time! Actually no-one can be sure if White has at his disposal a 'secret'
winning plan and I believe that this ending will be under the microscope for a
long time ahead.} 44. g4 Ke7 45. Kd5 {Threatening 46.Rf4.} Rb3 $1 46. Ke4 (46.
Re3+ Kf6 {.}) 46... Rb2 47. Kf5 Rb5+ 48. Kf4 Kf6 49. Rd3 Rb2 50. f3 Ra2 51. Ke4
Rh2 52. Rd4 ({The last chance. After} 52. h5 Ra2 53. Kd4 Rc2 $1 (53... Kg5 $2
54. Kc4 Kf4 (54... f5 55. Kb4 fxg4 56. Rd5+ Kf4 57. fxg4 Kxg4 58. Kxa4) (54...
Rb2 55. Rd5+ Kf4 56. Rf5+) 55. Kb4 f5 56. Kxa4 fxg4 57. fxg4 Kxg4 58. Rd5 $18)
54. Rc3 Rb2 55. Kc4 Kg5 {Black seems to have sufficient counterplay to keep
the balance (active king and rook).}) 52... Rxh4 53. Rxa4 Rh1 $1 {The rook
belongs behind the passed pawn.} 54. Rb4 ({A theoretical draw arises after} 54.
Ra8 h5 55. Ra6+ Kg7 56. gxh5 Rxh5 57. a4 Rh1 58. a5 Ra1 {.}) 54... Ra1 55. a4
Kg6 56. Kd5 Ra3 57. Kc6 (57. f4 f5 58. gxf5+ Kxf5 59. Kc4 h5 $11 {.}) 57...
Rxf3 58. a5 f5 $1 {Securing the draw.} 59. a6 Ra3 60. gxf5+ (60. Kb5 fxg4 61.
Rxg4+ Kf5 62. Ra4 Rb3+ 63. Kc6 Rb8 64. a7 Ra8 65. Kb7 Rxa7+ 66. Rxa7 h5 $11 {.}
) 60... Kxf5 {According to the 'Nalimov Databases' this is a drawn position.}
61. Kb6 h5 62. Rb5+ Kg4 63. Ra5 Rf3 64. a7 Rf8 65. a8=Q Rxa8 66. Rxa8 h4 67.
Kc5 h3 68. Kd4 h2 69. Rh8 Kg3 70. Ke3 Kg2 71. Rg8+ Kf1 72. Rh8 Kg1 73. Rxh2
Kxh2 1/2-1/2